[Event "Tbilisi Champions Cup"]
[Site "Tbilisi"]
[Date "2023.10.19"]
[Round "7"]
[White "Bolashvili, Nikoloz"]
[Black "Naqopia, Giorgi"]
[Result "1-0"]
[WhiteElo "1451"]
[BlackElo "1823"]
[PlyCount "131"]
[EventDate "2023.10.13"]
[EventType "swiss"]
[EventRounds "9"]
[EventCountry "GEO"]
[SourceTitle "EXT 2025"]
[Source "ChessBase"]
[SourceDate "2024.10.14"]
[SourceVersion "1"]
[SourceVersionDate "2024.10.14"]
[SourceQuality "1"]

1. e4 d6 2. d4 Nf6 3. Nc3 e5 4. Nf3 Nbd7 5. Bc4 Be7 6. 0-0 0-0 7. a4 c6 8. Re1 Qc7 9. h3 h6 10. a5 Re8 11. Be3 Nxe4 12. Nxe4 d5 13. Bb3 dxe4 14. Nxe5 Nxe5 15. Bf4 Nf3+ 16. Qxf3 exf3 17. Bxc7 fxg2 18. Kxg2 Bf5 19. Re5 Bd7 20. Rae1 Bf6 21. Rxe8+ Bxe8 22. c3 Bd7 23. Ba2 Rc8 24. Bd6 g5 25. Re3 Bf5 26. Kg3 Kg7 27. Be7 Bg6 28. Bxf6+ Kxf6 29. Re5 Bh7 30. b4 Bd3 31. Re3 Bg6 32. Re5 Bd3 33. Re3 Bg6 34. Re5 b6 35. Bc4 Rb8 36. Be2 Bf5 37. Bf3 Bd7 38. Bg4 Bxg4 39. hxg4 Rc8 40. f4 gxf4+ 41. Kxf4 Rg8 42. Rh5 Kg6 43. Re5 Kf6 44. Rh5 Kg6 45. Re5 Kf6 46. Rh5 Rg6 47. axb6 axb6 48. Rxh6 Rxh6 49. g5+ Kg6 50. gxh6 Kxh6 51. Kf5 Kg7 52. Ke5 b5 53. Kd6 f5 54. Kxc6 f4 55. d5 f3 56. d6 f2 57. d7 f1Q 58. d8Q Qc4+ 59. Kb6 Qxc3 60. Qc7+ Qxc7+ 61. Kxc7 Kf7 62. Kc6 Ke7 63. Kxb5 Kd7 64. Ka6 Kc7 65. b5 Kb8 66. Kb6 1-0

[Event "Tbilisi Champions Cup"]
[Site "Tbilisi"]
[Date "2023.10.17"]
[Round "5"]
[White "Naqopia, Giorgi"]
[Black "Kemashvili, Luka"]
[Result "1-0"]
[WhiteElo "1823"]
[BlackElo "1783"]
[PlyCount "97"]
[EventDate "2023.10.13"]
[EventType "swiss"]
[EventRounds "9"]
[EventCountry "GEO"]
[SourceTitle "EXT 2025"]
[Source "ChessBase"]
[SourceDate "2024.10.14"]
[SourceVersion "1"]
[SourceVersionDate "2024.10.14"]
[SourceQuality "1"]

1. Nf3 e6 2. c4 Nf6 3. g3 d5 4. Bg2 Be7 5. 0-0 0-0 6. b3 c5 7. Bb2 Nc6 8. cxd5 Nxd5 9. Nc3 Bf6 10. Rc1 b6 11. d4 Nxd4 12. Nxd4 Bxd4 13. Nxd5 Bxb2 14. Nxb6 axb6 15. Bxa8 Bxc1 16. Qxc1 Qe7 17. a4 Ba6 18. Bf3 Rd8 19. Rd1 Rd6 20. Qc2 Qd8 21. Rxd6 Qxd6 22. Qe4 Qd5 23. Qf4 e5 24. Qh4 Qd6 25. Qe4 Qb8 26. Qc6 g6 27. a5 bxa5 28. Qxa6 Qxb3 29. Qxa5 c4 30. Qd8+ Kg7 31. Qd5 Qc3 32. Kg2 Qd4 33. Qxd4 exd4 34. Bd5 c3 35. Bb3 Kf6 36. f4 Ke7 37. Kf2 Kd6 38. Ke1 f6 39. Kd1 Kc5 40. Kc2 Kb4 41. Bf7 g5 42. fxg5 fxg5 43. Bg8 h6 44. Kd3 Kc5 45. Bb3 Kb4 46. Bc2 Kc5 47. Ke4 Kc4 48. Bd3+ Kc5 49. g4 1-0

[Event "GEO-ch U20"]
[Site "Tbilisi"]
[Date "2020.08.14"]
[Round "9"]
[White "Naqopia, Giorgi"]
[Black "Gongliashvili, Zurab"]
[Result "1/2-1/2"]
[WhiteElo "1806"]
[BlackElo "1807"]
[PlyCount "61"]
[EventDate "2020.08.06"]
[EventType "swiss"]
[EventRounds "9"]
[EventCountry "GEO"]
[SourceTitle "CBM 197 Extra"]
[Source "ChessBase"]
[SourceDate "2020.09.30"]
[SourceVersion "1"]
[SourceVersionDate "2020.09.30"]
[SourceQuality "1"]

1. d4 Nf6 2. Nf3 d5 3. c3 c5 4. Bg5 e6 5. Bxf6 Qxf6 6. Ne5 Nc6 7. Nxc6 bxc6 8. e3 Bd6 9. Nd2 cxd4 10. exd4 0-0 11. Qf3 Qxf3 12. Nxf3 c5 13. dxc5 Bxc5 14. Bd3 a5 15. 0-0 Ba6 16. Bxa6 Rxa6 17. Rfd1 a4 18. b4 axb3 19. axb3 Rfa8 20. Rxa6 Rxa6 21. Nd4 Bxd4 22. cxd4 Rb6 23. Rd3 Kf8 24. Kf1 Ke7 25. Ke2 Kd6 26. Kd2 f6 27. f4 e5 28. fxe5+ fxe5 29. dxe5+ Kxe5 30. h3 Rb4 31. g3 1/2-1/2

[Event "GEO-ch U20"]
[Site "Tbilisi"]
[Date "2020.08.08"]
[Round "3"]
[White "Goderdzishvili, Giga"]
[Black "Naqopia, Giorgi"]
[Result "0-1"]
[WhiteElo "2069"]
[BlackElo "1806"]
[PlyCount "138"]
[EventDate "2020.08.06"]
[EventType "swiss"]
[EventRounds "9"]
[EventCountry "GEO"]
[SourceTitle "CBM 197 Extra"]
[Source "ChessBase"]
[SourceDate "2020.09.30"]
[SourceVersion "1"]
[SourceVersionDate "2020.09.30"]
[SourceQuality "1"]

1. c4 Nf6 2. g3 e6 3. Bg2 d5 4. Nf3 c5 5. 0-0 d4 6. d3 Nc6 7. e3 Be7 8. Na3 0-0 9. Nc2 e5 10. exd4 cxd4 11. Re1 Bg4 12. h3 Bxf3 13. Bxf3 Qd7 14. Bg2 h6 15. b4 e4 16. Bxe4 Nxe4 17. Rxe4 Nxb4 18. Ba3 Nxc2 19. Rxe7 Qa4 20. Re2 Qxa3 21. Qxc2 Rac8 22. Qb3 Qa6 23. Re7 b6 24. Rae1 Qa5 25. R1e4 Rcd8 26. R4e5 Qd2 27. Rxa7 Ra8 28. Ree7 Qg5 29. Rxa8 Rxa8 30. Re4 Qd2 31. a4 Qc3 32. Qxc3 dxc3 33. Re2 Rd8 34. Rc2 Rxd3 35. Kf1 Rd1+ 36. Ke2 Ra1 37. Kd3 Rxa4 38. Kxc3 Kf8 39. Rb2 Ra6 40. Kb4 Ra5 41. Re2 g6 42. h4 h5 43. Kc3 Ra3+ 44. Kd4 Rb3 45. Kd5 Rb4 46. Re3 Rb2 47. Kc6 Rb4 48. Rc3 Ke7 49. Re3+ Kf6 50. Kd5 Rb2 51. Rf3+ Ke7 52. Rf4 Rb3 53. Kc6 Rb4 54. Kd5 b5 55. c5 Rxf4 56. gxf4 Kd7 57. c6+ Kc7 58. Kc5 b4 59. Kxb4 Kxc6 60. Kc4 Kd6 61. Kd4 Ke6 62. Ke4 Kf6 63. f5 g5 64. f3 gxh4 65. Kf4 h3 66. Kg3 Kxf5 67. Kxh3 Kf4 68. Kg2 h4 69. Kf2 h3 0-1

[Event "Poti op 14th"]
[Site "Poti"]
[Date "2019.07.20"]
[Round "9"]
[White "Naqopia, Giorgi"]
[Black "Mikayelyan, Mikael"]
[Result "1/2-1/2"]
[WhiteElo "1680"]
[BlackElo "1736"]
[PlyCount "39"]
[EventDate "2019.07.13"]
[EventType "swiss"]
[EventRounds "9"]
[EventCountry "GEO"]
[SourceTitle "EXT 2020"]
[Source "ChessBase"]
[SourceDate "2019.10.17"]
[SourceVersion "1"]
[SourceVersionDate "2019.10.17"]
[SourceQuality "1"]

1. e4 c6 2. c4 d5 3. exd5 cxd5 4. cxd5 Nf6 5. Qa4+ Nbd7 6. Nc3 g6 7. g3 Bg7 8. Bg2 0-0 9. Nge2 Nb6 10. Qb3 Bg4 11. 0-0 Bxe2 12. Nxe2 Nfxd5 13. Nc3 Nxc3 14. dxc3 Qc7 15. a4 Nc4 16. Re1 Rab8 17. Bd5 Nd6 18. Bf4 b6 19. Rad1 Rbd8 20. h4 1/2-1/2

[Event "Wch U14"]
[Site "Porto Carras"]
[Date "2018.10.27"]
[Round "8"]
[White "Naqopia, Giorgi"]
[Black "Soriano Quispe, Ivan Excender"]
[Result "1-0"]
[WhiteElo "1857"]
[BlackElo "2054"]
[PlyCount "97"]
[EventDate "2018.10.20"]
[EventType "swiss"]
[EventRounds "11"]
[EventCountry "GRE"]
[SourceTitle "CBM 187 Extra"]
[Source "ChessBase"]
[SourceDate "2018.11.04"]
[SourceVersion "1"]
[SourceVersionDate "2018.11.04"]
[SourceQuality "1"]

1. e4 g6 2. d4 Bg7 3. Nf3 d6 4. Bc4 e6 5. Bg5 Ne7 6. Nc3 a6 7. a4 Nd7 8. Qd2 h6 9. Be3 b6 10. Bb3 Bb7 11. h4 Nf6 12. h5 Nxe4 13. Nxe4 Bxe4 14. hxg6 Nxg6 15. 0-0-0 Qf6 16. Ne1 Ne7 17. f3 Bb7 18. Nd3 Nf5 19. Nf4 Nxe3 20. Nh5 Qg6 21. Qxe3 0-0-0 22. Bc4 Bf8 23. Qe2 Qg5+ 24. Kb1 a5 25. Ba6 Kb8 26. Bxb7 Kxb7 27. f4 Qg6 28. d5 exd5 29. Rxd5 c6 30. Rd3 d5 31. f5 Qd6 32. Re1 Qc7 33. Qf3 Bc5 34. Ng7 Rhg8 35. f6 Bf8 36. Rde3 Bc5 37. R3e2 Kb8 38. Qf5 Qc8 39. Qh5 Bd4 40. Qxh6 Qc7 41. Re7 Qg3 42. Nf5 Rg6 43. Nxg3 Rxh6 44. Nf5 Rxf6 45. Nxd4 c5 46. Nb5 Rg8 47. Rd7 Re6 48. Rf1 f6 49. Rh1 1-0

[Event "Wch U14"]
[Site "Porto Carras"]
[Date "2018.10.23"]
[Round "5"]
[White "Rasti, Arvin"]
[Black "Naqopia, Giorgi"]
[Result "1/2-1/2"]
[WhiteElo "2064"]
[BlackElo "1857"]
[PlyCount "160"]
[EventDate "2018.10.20"]
[EventType "swiss"]
[EventRounds "11"]
[EventCountry "GRE"]
[SourceTitle "CBM 187 Extra"]
[Source "ChessBase"]
[SourceDate "2018.11.04"]
[SourceVersion "1"]
[SourceVersionDate "2018.11.04"]
[SourceQuality "1"]

1. d4 d6 2. e4 Nf6 3. Nc3 e5 4. Nf3 Nbd7 5. Bc4 Be7 6. 0-0 0-0 7. a4 a5 8. Re1 c6 9. h3 Qc7 10. Ba2 h6 11. Be3 Re8 12. Qd2 Nf8 13. Rad1 Bd7 14. Qe2 Qb8 15. d5 c5 16. Bc4 g5 17. Nh2 Ng6 18. Bc1 Kh7 19. Bb5 Qc8 20. Bxd7 Qxd7 21. Ng4 Nxg4 22. Qxg4 Rad8 23. g3 Kg7 24. Kg2 Rh8 25. Qxd7 Rxd7 26. Nb5 Rdd8 27. Bd2 b6 28. Re3 Nf8 29. Rb3 Nd7 30. Na3 Rb8 31. Nc4 Rhc8 32. Bc3 f6 33. Rb5 Kf7 34. Rf1 Rg8 35. Ne3 Rg6 36. Bd2 Bd8 37. Nf5 Bc7 38. h4 h5 39. Rh1 g4 40. Ra1 Ra8 41. Ra3 Rb8 42. Rab3 Kf8 43. Kf1 Rg8 44. Ke2 Rh8 45. Ke1 Kf7 46. Nh6+ Kg6 47. Nf5 Kf7 48. Ne3 Rhc8 49. Nc4 Ke7 50. f3 Rg8 51. fxg4 Rxg4 52. Re3 f5 53. Re2 f4 54. gxf4 exf4 55. Rf2 Ne5 56. Nxe5 dxe5 57. c3 c4 58. b4 cxb3 59. Rxb3 Bd6 60. c4 Bc5 61. Bxa5 Bxf2+ 62. Kxf2 Rc8 63. Rxb6 Rxc4 64. Re6+ Kd7 65. Rxe5 Rxa4 66. Bb6 Rxh4 67. Bc5 Rc4 68. d6 Rc2+ 69. Kg1 Rc1+ 70. Kg2 Rc2+ 71. Kf3 Rc3+ 72. Kg2 f3+ 73. Kg1 f2+ 74. Kxf2 Rh2+ 75. Kg1 Rb2 76. Re7+ Kd8 77. Bf2 Rc1+ 78. Kg2 Rcc2 79. Rf7 Re2 80. d7 Rxf2+ 1/2-1/2

[Event "Wch U14"]
[Site "Porto Carras"]
[Date "2018.10.20"]
[Round "1"]
[White "Ognean, Mihnea Ionut"]
[Black "Naqopia, Giorgi"]
[Result "1-0"]
[WhiteElo "2291"]
[BlackElo "1857"]
[PlyCount "99"]
[EventDate "2018.10.20"]
[EventType "swiss"]
[EventRounds "11"]
[EventCountry "GRE"]
[SourceTitle "CBM 187 Extra"]
[Source "ChessBase"]
[SourceDate "2018.11.04"]
[SourceVersion "1"]
[SourceVersionDate "2018.11.04"]
[SourceQuality "1"]

1. d4 d6 2. e4 Nf6 3. Nc3 e5 4. Nf3 Nbd7 5. Bc4 Be7 6. 0-0 0-0 7. a4 a5 8. h3 h6 9. Re1 c6 10. Be3 Qc7 11. Nh4 Re8 12. Qf3 d5 13. exd5 e4 14. Nxe4 cxd5 15. Nxf6+ Bxf6 16. Bxd5 Nb6 17. Nf5 Qd7 18. Be4 Rxe4 19. Nxh6+ gxh6 20. Qxe4 Qf5 21. Bxh6 Qxe4 22. Rxe4 Kh7 23. Bf4 Bf5 24. Re2 Bxd4 25. c3 Bf6 26. g4 Be6 27. Be5 Bc4 28. Re3 Kg6 29. Bxf6 Kxf6 30. Kh2 Bb3 31. Rf3+ Kg7 32. Rf4 Nc4 33. Re1 Nd6 34. Rd4 Re8 35. Rxe8 Nxe8 36. Rd7 Bxa4 37. Rxb7 Bc6 38. Rb6 Bd7 39. b3 Nf6 40. Ra6 Be6 41. c4 Ne4 42. Rxa5 Nxf2 43. Kg3 Nd3 44. Rb5 Kf6 45. g5+ Kg6 46. h4 Kh5 47. c5 Ne5 48. b4 Bd7 49. Rb6 Ng6 50. Rf6 1-0

[Event "Moscow ACF Botvinnik Memorial"]
[Site "Moscow"]
[Date "2018.08.13"]
[Round "6.1"]
[White "Naqopia, Giorgi"]
[Black "Kovalev, Vladislav"]
[Result "0-1"]
[WhiteElo "1857"]
[BlackElo "2667"]
[PlyCount "87"]
[EventDate "2018.08.10"]
[EventType "team-swiss"]
[EventRounds "7"]
[EventCountry "RUS"]
[SourceTitle "CBM 186 Extra"]
[Source "ChessBase"]
[SourceDate "2018.08.24"]
[SourceVersion "1"]
[SourceVersionDate "2018.08.24"]
[SourceQuality "1"]
[WhiteTeam "Georgia"]
[BlackTeam "Belarus"]
[WhiteTeamCountry "GEO"]
[BlackTeamCountry "BLR"]

1. e4 e5 2. Nf3 Nc6 3. Bc4 Nf6 4. d4 exd4 5. 0-0 Nxe4 6. Re1 d5 7. Bxd5 Qxd5 8. Nc3 Qa5 9. Nxe4 Be6 10. Neg5 0-0-0 11. Nxe6 fxe6 12. Rxe6 Bd6 13. Bg5 Rde8 14. Qe1 Qxe1+ 15. Raxe1 Rxe6 16. Rxe6 Kd7 17. Re4 Re8 18. Rxe8 Kxe8 19. Kf1 Kf7 20. Ke2 Ke6 21. a3 Kd5 22. Kd3 b5 23. h3 a5 24. Bd2 a4 25. g4 g6 26. Ng5 Ne5+ 27. Ke2 h5 28. f4 Nc4 29. Bc1 hxg4 30. hxg4 c5 31. Nf7 Ke6 32. Nxd6 Nxd6 33. c3 dxc3 34. bxc3 Kd5 35. Kd3 Nc4 36. g5 Nd6 37. Be3 Nf5 38. Bc1 c4+ 39. Ke2 Ke4 40. Bd2 Ne7 41. Bc1 Nd5 42. Bd2 Nxf4+ 43. Kf2 Ne6 44. Bc1 0-1

[Event "Moscow ACF Botvinnik Memorial"]
[Site "Moscow"]
[Date "2018.08.10"]
[Round "2.5"]
[White "Sevdimaliyev, Urfan"]
[Black "Naqopia, Giorgi"]
[Result "1-0"]
[WhiteElo "2388"]
[BlackElo "1857"]
[PlyCount "55"]
[EventDate "2018.08.10"]
[EventType "team-swiss"]
[EventRounds "7"]
[EventCountry "RUS"]
[SourceTitle "CBM 186 Extra"]
[Source "ChessBase"]
[SourceDate "2018.08.24"]
[SourceVersion "1"]
[SourceVersionDate "2018.08.24"]
[SourceQuality "1"]
[WhiteTeam "Azerbaijan"]
[BlackTeam "Georgia"]
[WhiteTeamCountry "AZE"]
[BlackTeamCountry "GEO"]

1. d4 d5 2. Nf3 Nf6 3. Bg5 Nbd7 4. Nbd2 e6 5. e3 Be7 6. Bd3 0-0 7. c3 c5 8. Ne5 Nxe5 9. dxe5 Nd7 10. Bxe7 Qxe7 11. f4 f6 12. exf6 Nxf6 13. Nf3 Bd7 14. 0-0 Bc6 15. Qe1 Rad8 16. Qh4 g6 17. Ne5 d4 18. cxd4 cxd4 19. e4 Qe8 20. Nxc6 Qxc6 21. Rac1 Qb6 22. b3 Kg7 23. Rf3 Qa5 24. f5 Qe5 25. fxe6 Qxe6 26. Rcf1 Qg4 27. Qf2 Nxe4 28. Bxe4 1-0

[Event "EU-ch 19th"]
[Site "Batumi"]
[Date "2018.03.28"]
[Round "11"]
[White "Nikolaidis, Konstantinos"]
[Black "Naqopia, Giorgi"]
[Result "1/2-1/2"]
[WhiteElo "2184"]
[BlackElo "1849"]
[PlyCount "98"]
[EventDate "2018.03.17"]
[EventType "swiss"]
[EventRounds "11"]
[EventCountry "GEO"]
[SourceTitle "CBM 184"]
[Source "ChessBase"]
[SourceDate "2018.05.16"]
[SourceVersion "1"]
[SourceVersionDate "2018.05.16"]
[SourceQuality "1"]

1. d4 d5 2. c4 c6 3. e3 Nf6 4. Nc3 a6 5. Nf3 Bf5 6. Bd3 Bxd3 7. Qxd3 e6 8. 0-0 Be7 9. Rd1 dxc4 10. Qxc4 b5 11. Qe2 0-0 12. e4 b4 13. Na4 Qa5 14. b3 Qb5 15. Qe1 Rd8 16. Bf4 Nbd7 17. Rac1 Rac8 18. Rc4 Nb6 19. Nxb6 Qxb6 20. Rdc1 Qa5 21. a4 Qb6 22. h3 Qb7 23. R1c2 h6 24. Ne5 Bd6 25. Rxc6 Bxe5 26. Rxc8 Rxc8 27. Rxc8+ Qxc8 28. dxe5 Qb8 29. Qe3 Nd7 30. Qd4 Qb7 31. Be3 a5 32. Qd6 Qc8 33. g3 Nb8 34. Qc5 Nc6 35. Qd6 Qb7 36. Bc5 Kh7 37. Kh2 Kg8 38. Kg1 Kh7 39. h4 Kg8 40. Kh2 Kh7 41. Kg1 Kg8 42. f3 Kh7 43. Kf2 Kg8 44. h5 Kh7 45. Ke3 Kg8 46. f4 Qa6 47. Kf2 Qc8 48. Ke3 Qa6 49. Qd3 Qb7 1/2-1/2

[Event "EU-ch 19th"]
[Site "Batumi"]
[Date "2018.03.19"]
[Round "3"]
[White "Manafov, Vugar Gulam"]
[Black "Naqopia, Giorgi"]
[Result "0-1"]
[WhiteElo "2263"]
[BlackElo "1849"]
[PlyCount "90"]
[EventDate "2018.03.17"]
[EventType "swiss"]
[EventRounds "11"]
[EventCountry "GEO"]
[SourceTitle "CBM 184"]
[Source "ChessBase"]
[SourceDate "2018.05.16"]
[SourceVersion "1"]
[SourceVersionDate "2018.05.16"]
[SourceQuality "1"]

1. Nf3 Nf6 2. g3 b5 3. Bg2 Bb7 4. d3 c5 5. 0-0 e6 6. Nbd2 Be7 7. a4 a6 8. e4 d5 9. Qe2 0-0 10. e5 Nfd7 11. Re1 Nc6 12. Nf1 Nb6 13. axb5 axb5 14. Bd2 Qc7 15. h4 Nd7 16. Bf4 Rfc8 17. N1h2 c4 18. d4 c3 19. b3 Qb6 20. Be3 b4 21. h5 Ba6 22. Qd1 Bb5 23. h6 g6 24. Ng4 Ra3 25. Qc1 Rca8 26. Rb1 Ra2 27. Bf1 Bxf1 28. Kxf1 Na7 29. Re2 Nb5 30. Bg5 Qd8 31. Qf4 Bxg5 32. Nxg5 Qe7 33. Nf6+ Nxf6 34. exf6 Qd6 35. Qg4 Ra1 36. Rxa1 Rxa1+ 37. Kg2 Nc7 38. Qf3 Ra2 39. Nh3 Nb5 40. Qd3 Qb6 41. Nf4 Ra8 42. Re1 Nxd4 43. Qe3 Qa7 44. Nxd5 Nxc2 45. Qxa7 Nxe1+ 0-1